000
00315nam a22001457a 4500
008
231124b ||||| |||| 00| 0 eng d
020
_a
9780761907862
041
_a
eng
080
_a
618
082
_a
618MYE
100
_a
15
101
_a
GJINE
245
_a
FEMINIST FOUNDATIONS
_c
MYERS.A.K
942
_2
udc
_c
BK
999
_c
60513
_d
60513